000 00564nam a22002057a 4500
003 OSt
005 20220107122859.0
008 201009b xxu||||| |||| 00| 0 eng d
020 _a9783319799162
040 _cIIITMK
082 _a621.3815 OCH/F
100 _aOchoa, Agustin
_918182
245 _aFeedback in analog circuits
_cAgustin Ochoa
260 _aNew York,
_bSpringer,
_c2016.
300 _axiii, 164p.
650 _aELECTRONICS/ ELECTRICAL ENGINEERING
_918183
650 _aCIRCUIT DESIGN
_918184
650 _aANALOG CIRCUITS
_918185
942 _2ddc
_cBK
999 _c6777
_d6777